[Event "DRUZYNOWE MISTRZOSTWA POLSKI JUNIOROW - II LIGA"]
[Site "Szczyrk, CKiR Orle Gniazdo ul. Wrzosowa 28a"]
[Date "2014-07-26"]
[Round "3.110"]
[White "Drozniak, Stanislaw"]
[Black "Michalski, Filip"]
[Result "0-1"]
[WhiteTitle "II+"]
[BlackTitle "I"]
[WhiteElo "1579"]
[BlackElo "1740"]

1. e4 e6 2. d4 d5 3. Nc3 Nc6 4. e5 Nge7 5. f4 Nf5 6. Nf3 Be7 7. g3 b6 8. Bg2 Bb7
9. O-O Na5 10. g4 Nh6 11. f5 Ng8 12. Ne2 Qd7 13. Ng5 Bxg5 14. Bxg5 Ne7 15. Ng3
h6 16. Bd2 Nac6 17. Nh5 O-O-O 18. f6 Nxd4 19. fxg7 Rhg8 20. Nf6 Qb5 21. Nxg8 Rxg8
22. Rxf7 Ng6 23. Bxh6 Ne2+ 24. Kh1 d4 25. Rf8+ Nxf8 26. gxf8=Q+ Rxf8 27. Bxf8
Bxg2+ 28. Kxg2 Qc6+ 29. Kf2 Nf4 30. Bh6 Qg2+ 31. Ke1 Qg1+ 32. Kd2 Qe3# 0-1

[Event "DRUZYNOWE MISTRZOSTWA POLSKI JUNIOROW - II LIGA"]
[Site "Szczyrk, CKiR Orle Gniazdo ul. Wrzosowa 28a"]
[Date "2014-07-26"]
[Round "3.112"]
[White "Gazik, Jakub"]
[Black "Jedras, Adrianna"]
[Result "0-1"]
[WhiteTitle "II"]
[BlackTitle "II"]
[WhiteElo "1461"]
[BlackElo "1263"]

1. e4 e5 2. Nf3 Nc6 3. Bc4 Nf6 4. Ng5 d5 5. exd5 Nxd5 6. Nxf7 Kxf7 7. Qf3+ Qf6
8. Bxd5+ Be6 9. Bxc6 bxc6 10. Qxc6 Bd6 11. Nc3 Rad8 12. d3 Rhf8 13. Ne4 Qe7 14.
Bg5 Qe8 15. Nxd6+ cxd6 16. Qc7+ Rd7 17. Qc3 Kg8 18. O-O Qg6 19. Bh4 Rdf7 20. Bg3
h5 21. Qb4 Bd7 22. Qe4 Bf5 23. Qe3 Qf6 24. f4 h4 25. fxe5 dxe5 26. Bxe5 Qg6 27.
Bf4 h3 28. Qg3 Qb6+ 29. Kh1 Bd7 30. Rf2 hxg2+ 31. Kxg2 Qc6+ 32. Kg1 Rf6 33. Raf1
Rg6 34. Bg5 Qc5 35. h4 Rf5 36. Kh2 Rgxg5 37. hxg5 Rxg5 38. Qf4 Rh5+ 39. Kg1 Rg5+
40. Kh1 Qc6+ 41. Rf3 Qh6+ 42. Qh2 Rh5 43. Qxh5 Qxh5+ 44. Kg1 Qg5+ 45. Kf2 Qd2+
46. Kg3 Qg5+ 47. Kf2 Qc5+ 48. Kg3 Qc7+ 49. Kf2 Qxc2+ 50. Ke1 Qc1+ 51. Kf2 Qxb2+
52. Ke3 Qb6+ 53. Kd2 Qa5+ 54. Ke3 Qc5+ 55. Kd2 Bg4 56. Rf4 Bd7 57. R1f2 Bb5 58.
Rf5 Qb4+ 59. Ke3 Qe7+ 60. Kd2 Bd7 61. R5f4 Qg5 62. Ke3 Qc5+ 63. Kd2 g5 64. Rf6
Qe7 65. Rg6+ Kh7 66. Rff6 Qb4+ 67. Ke3 Qh4 68. Rd6 Qh5 69. Rgf6 Kg7 70. Rf3 Qe8+
71. Kd2 Qe7 72. Ra6 Qb4+ 73. Ke3 Qe7+ 74. Kd2 g4 75. Re3 Qb4+ 76. Ke2 Qb2+ 77.
Kf1 Qc1+ 78. Ke2 Qb2+ 79. Kf1 Qd4 80. Ke2 Bb5 81. Ra5 Qb2+ 82. Kf1 Qc1+ 83. Ke2
Qc2+ 84. Kf1 Bxd3+ 85. Kg1 Qc1+ 86. Kf2 Qd2+ 0-1

[Event "DRUZYNOWE MISTRZOSTWA POLSKI JUNIOROW - II LIGA"]
[Site "Szczyrk, CKiR Orle Gniazdo ul. Wrzosowa 28a"]
[Date "2014-07-26"]
[Round "3.113"]
[White "Kopacka, Natalia"]
[Black "Kordela, Monika"]
[Result "0-1"]
[WhiteTitle "II+"]
[BlackTitle "II"]
[WhiteElo "1294"]
[BlackElo "1342"]

1. e4 c5 2. Nf3 d6 3. d4 cxd4 4. Nxd4 Nf6 5. Nc3 g6 6. f3 Bg7 7. Be3 Nc6 8. Qd2
h5 9. Bb5 Bd7 10. Nxc6 bxc6 11. Bc4 Rb8 12. Bxa7 Rxb2 13. Bb3 c5 14. Nd1 Nxe4
15. fxe4 Rxb3 16. cxb3 Bxa1 17. Nb2 O-O 18. Nc4 Qa8 19. Bb6 Qxe4+ 20. Ne3 Bd4
21. Kd1 Qxe3 22. Qxe3 Bxe3 23. g3 Rb8 24. Ba5 Ra8 25. b4 cxb4 26. Bxb4 Rxa2 27.
Bc3 Ba4+ 0-1

[Event "DRUZYNOWE MISTRZOSTWA POLSKI JUNIOROW - II LIGA"]
[Site "Szczyrk, CKiR Orle Gniazdo ul. Wrzosowa 28a"]
[Date "2014-07-26"]
[Round "3.115"]
[White "Kruszynski, Krzysztof"]
[Black "Ruttar, Lukasz"]
[Result "1/2-1/2"]
[WhiteTitle "II"]
[BlackTitle "II"]
[WhiteElo "1675"]
[BlackElo "1507"]

1. e4 e5 2. Nf3 Nc6 3. Bb5 a6 4. Bxc6 dxc6 5. O-O Bd6 6. d4 Bg4 7. dxe5 Bxf3 8.
Qxf3 Bxe5 9. Rd1 Qf6 10. Qb3 Bd4 11. Rf1 O-O-O 12. Nc3 Ne7 13. Be3 c5 14. Ne2
Nc6 15. Nf4 Rhe8 16. Nd5 Qe6 17. Bg5 f6 18. Qg3 Be5 19. Bf4 Bxf4 20. Qxf4 Qe5
21. Qxe5 Rxe5 22. Rfe1 Nd4 23. Rac1 Nxc2 24. Rxc2 Rdxd5 25. f3 Rd4 26. Kf2 b5
27. Rec1 c4 28. b3 Rc5 29. Ke3 Rd3+ 30. Ke2 Rd6 31. bxc4 b4 32. Rd2 Kd7 33. Rxd6+
Kxd6 34. Ke3 g5 35. Kd4 c6 36. g3 Ra5 37. c5+ Ke6 38. Rc2 Ra4 39. Kc4 Ke5 40.
Rd2 a5 41. Rd7 f5 42. exf5 Kxf5 43. Kb3 Ra3+ 44. Kb2 Rc3 45. Rxh7 Rxc5 46. h4
Kg6 47. Ra7 gxh4 48. gxh4 Rf5 49. Ra6 Kh5 50. Rxc6 Kxh4 51. a3 1/2-1/2

[Event "DRUZYNOWE MISTRZOSTWA POLSKI JUNIOROW - II LIGA"]
[Site "Szczyrk, CKiR Orle Gniazdo ul. Wrzosowa 28a"]
[Date "2014-07-26"]
[Round "3.116"]
[White "Zarnowski, Krzysztof"]
[Black "Osinski, Kamil"]
[Result "1-0"]
[WhiteTitle "I+"]
[BlackTitle "I"]
[WhiteElo "1906"]
[BlackElo "1815"]

1. d4 c5 2. d5 e6 3. c4 exd5 4. cxd5 d6 5. e4 g6 6. Nc3 Bg7 7. f4 Nf6 8. Bb5+ Nfd7
9. a4 O-O 10. Nf3 a6 11. Bc4 Nb6 12. Be2 Bg4 13. O-O N8d7 14. a5 Bxf3 15. Rxf3
Nc8 16. Qb3 Qc7 17. Bd2 Re8 18. Bd3 b5 19. axb6 Ncxb6 20. Qd1 c4 21. Bc2 Nc5 22.
Be3 Nbd7 23. Bd4 Nf6 24. Re3 Ng4 25. Re2 Qb6 26. h3 Bxd4+ 27. Qxd4 Nh6 28. Kh2
Rab8 29. Rd1 Qb4 30. Qf6 Nd7 31. Qd4 Nc5 32. g4 f5 33. gxf5 Qxb2 34. fxg6 hxg6
35. Rg1 Kh7 36. Qf6 Rg8 37. e5 Nf5 38. Bxf5 Qxe2+ 39. Nxe2 1-0

[Event "DRUZYNOWE MISTRZOSTWA POLSKI JUNIOROW - II LIGA"]
[Site "Szczyrk, CKiR Orle Gniazdo ul. Wrzosowa 28a"]
[Date "2014-07-26"]
[Round "3.117"]
[White "Stanowski, Mateusz"]
[Black "Swider, Pawel"]
[Result "0-1"]
[WhiteTitle "II"]
[BlackTitle "II"]
[WhiteElo "1336"]
[BlackElo "1400"]

1. e4 c6 2. Nc3 d5 3. Nf3 dxe4 4. Nxe4 Nd7 5. d4 Ngf6 6. Ng3 e6 7. Bd3 Bd6 8. c3
Qc7 9. Qc2 c5 10. Bd2 a6 11. O-O c4 12. Be2 O-O 13. b3 b5 14. a4 Bb7 15. bxc4
bxc4 16. Rfe1 a5 17. Bg5 h6 18. Bxf6 Nxf6 19. Nd2 Bd5 20. Ngf1 Bf4 21. h3 Qc6
22. Bf3 Bxf3 23. Nxf3 Rab8 24. Ne5 Bxe5 25. Rxe5 Nd5 26. Nd2 Rb6 27. Ree1 Rfb8
28. Reb1 R8b7 29. g3 Rxb1+ 30. Nxb1 Rb3 31. Ra3 Qb7 32. Rxb3 Qxb3 33. Qxb3 cxb3
34. c4 Nb6 35. c5 Nxa4 36. Kf1 e5 37. c6 exd4 38. c7 Nb6 39. Ke2 Kf8 40. Kd3 Ke7
41. Kxd4 Kd7 42. Kc3 a4 43. Na3 Kxc7 44. Nb5+ Kc6 45. Nd4+ Kc5 46. Nf5 Nd5+ 47.
Kb2 Kb4 48. Nd4 a3+ 49. Kb1 Nc3+ 50. Ka1 b2# 0-1

[Event "DRUZYNOWE MISTRZOSTWA POLSKI JUNIOROW - II LIGA"]
[Site "Szczyrk, CKiR Orle Gniazdo ul. Wrzosowa 28a"]
[Date "2014-07-26"]
[Round "3.121"]
[White "Kokoszczynski, Jan"]
[Black "Cieslak, Patrycjusz"]
[Result "0-1"]
[WhiteTitle "I"]
[BlackTitle "I"]
[WhiteElo "1753"]
[BlackElo "1824"]

1. d4 d5 2. Nc3 c6 3. e4 dxe4 4. Nxe4 Bf5 5. Ng3 Bg6 6. Nh3 e5 7. dxe5 Qa5+ 8.
c3 Qxe5+ 9. Be2 Nd7 10. O-O O-O-O 11. Qa4 Bc5 12. Bf4 Qe7 13. Ba6 Nb8 14. Rfe1
Qf8 15. Bf1 Nf6 16. b4 Bb6 17. Bg5 h6 18. Bxf6 gxf6 19. Qb3 Rd2 20. Ne4 Bxe4 21.
Rxe4 Nd7 22. Rd1 Rxd1 23. Qxd1 Ne5 24. a4 a5 25. Kh1 Rg8 26. f4 Ng4 27. bxa5 f5
28. Re1 Bxa5 29. Qb3 Rg6 30. Bd3 Rf6 31. Re5 Qd6 32. Bxf5+ Rxf5 33. Rxf5 Qd3 0-1

[Event "DRUZYNOWE MISTRZOSTWA POLSKI JUNIOROW - II LIGA"]
[Site "Szczyrk, CKiR Orle Gniazdo ul. Wrzosowa 28a"]
[Date "2014-07-26"]
[Round "3.122"]
[White "Kucza, Jan"]
[Black "Piotrowicz, Jakub"]
[Result "0-1"]
[WhiteTitle "II"]
[BlackTitle "II"]
[WhiteElo "1460"]
[BlackElo "1388"]

1. e4 e5 2. Nf3 d5 3. d4 exd4 4. e5 c5 5. Bb5+ Bd7 6. e6 Bxb5 7. exf7+ Kxf7 8.
Ne5+ Ke8 9. Qh5+ g6 10. Qf3 Qe7 11. Kd1 Nd7 12. Nxd7 Qxd7 13. Re1+ Be7 14. Bg5
Qf5 15. Qb3 Bc6 16. Qg3 Kd7 17. Re5 Qf7 18. Qg4+ Kc7 19. Nd2 Bxg5 20. Qxg5 Qf6
21. Qg3 Qd6 22. c4 dxc3 23. bxc3 Re8 24. f4 Rxe5 25. fxe5 Qe6 26. Nf3 h6 27. Nh4
Ne7 28. Kc2 Rf8 29. Qe3 g5 30. Nf3 b6 31. Rf1 d4 32. cxd4 Qc4+ 33. Kd2 Qxf1 34.
e6 Bxf3 35. Qe5+ Kc8 36. dxc5 Rd8+ 37. Kc3 Qd3+ 38. Kb4 Nc6+ 0-1

[Event "DRUZYNOWE MISTRZOSTWA POLSKI JUNIOROW - II LIGA"]
[Site "Szczyrk, CKiR Orle Gniazdo ul. Wrzosowa 28a"]
[Date "2014-07-26"]
[Round "3.123"]
[White "Rylski, Mateusz"]
[Black "Klementowski, Dawid"]
[Result "0-1"]
[WhiteTitle "II"]
[BlackTitle "I"]
[WhiteElo "1347"]
[BlackElo "1659"]

1. e4 c5 2. d4 cxd4 3. c3 d6 4. cxd4 Nf6 5. Nc3 g6 6. Bc4 Bg7 7. Nf3 O-O 8. O-O
Nc6 9. e5 dxe5 10. dxe5 Ng4 11. Bf4 Ngxe5 12. Bxe5 Nxe5 13. Nxe5 Qxd1 14. Raxd1
Bxe5 15. Rfe1 Bd6 16. Nb5 Bb4 17. Re2 e6 18. a3 Be7 19. Red2 a6 20. Nd6 Rd8 21.
Bb3 Kf8 22. Nc4 Rxd2 23. Rxd2 b5 24. Nb6 Rb8 25. Nd7+ Bxd7 26. Rxd7 Bc5 27. Rd3
Ke7 28. Rh3 h5 29. Rc3 Kd6 30. Rd3+ Kc6 31. Rc3 Rd8 32. Bc2 Kb6 33. b4 Be7 34.
g3 Rd7 35. Be4 Rc7 36. Rd3 a5 37. bxa5+ Kxa5 38. Bf3 Kb6 39. Rb3 Rc2 40. a4 b4
41. Be4 Rc1+ 42. Kg2 Ka5 43. Rd3 Rc7 44. Rf3 f5 45. Bb1 Kxa4 46. Ba2 e5 47. Bb3+
Kb5 48. Rd3 Bc5 49. Rd5 Re7 50. Rd8 Rg7 51. Rd5 e4 52. Re5 Kc6 53. Re6+ Bd6 54.
h3 Kc7 55. g4 hxg4 56. hxg4 Kc6 57. Kf1 Kc5 58. Ke2 Bc7 59. Ke3 fxg4 60. Rxe4
g5 61. Rxg4 Bf4+ 62. Ke4 Re7+ 63. Kf3 Re1 64. Rg2 Rb1 65. Ba2 Ra1 66. Bb3 Ra3
67. Ke4 Rxb3 68. f3 Re3+ 69. Kf5 Rxf3 70. Rc2+ Rc3 71. Rb2 b3 72. Rd2 Bxd2 0-1

[Event "DRUZYNOWE MISTRZOSTWA POLSKI JUNIOROW - II LIGA"]
[Site "Szczyrk, CKiR Orle Gniazdo ul. Wrzosowa 28a"]
[Date "2014-07-26"]
[Round "3.127"]
[White "Hladun, Bartlomiej"]
[Black "Pajdzik, Kamil"]
[Result "1-0"]
[WhiteTitle "II"]
[BlackTitle "II"]
[WhiteElo "1295"]
[BlackElo "1525"]

1. e4 c5 2. Nc3 Nc6 3. g3 g6 4. Bg2 Bg7 5. d3 Nf6 6. f4 d6 7. Nf3 Bg4 8. O-O O-O
9. Be3 a6 10. Qd2 b5 11. a3 Qd7 12. e5 Ne8 13. exd6 exd6 14. Nd5 Rb8 15. c3 Nc7
16. Nxc7 Qxc7 17. h3 Bxf3 18. Bxf3 Rfe8 19. Bh1 Na5 20. Rae1 Rbd8 21. f5 d5 22.
Bf4 Be5 23. fxg6 hxg6 24. h4 Bxf4 25. Rxf4 Re5 26. Ref1 Re7 27. Kh2 d4 28. h5
Qe5 29. hxg6 Qh5+ 30. Kg1 Re2 31. gxf7+ Kf8 32. Rh4 Qxh4 33. Qxe2 Qxg3+ 34. Bg2
Qe3+ 35. Qxe3 dxe3 36. Be4 e2 37. Re1 Kxf7 38. Rxe2 Rg8+ 39. Rg2 Rxg2+ 40. Kxg2
Nb3 41. Bd5+ 1-0

[Event "DRUZYNOWE MISTRZOSTWA POLSKI JUNIOROW - II LIGA"]
[Site "Szczyrk, CKiR Orle Gniazdo ul. Wrzosowa 28a"]
[Date "2014-07-26"]
[Round "3.129"]
[White "Mackowiak, Filip"]
[Black "Brozyna, Mateusz"]
[Result "0-1"]
[WhiteTitle "II"]
[BlackTitle "II"]
[WhiteElo "1300"]
[BlackElo "1471"]

1. e4 c5 2. Nf3 d6 3. d4 cxd4 4. Nxd4 Nf6 5. Nc3 Bd7 6. Bc4 e6 7. O-O Be7 8. Re1
a6 9. f4 O-O 10. e5 Ne8 11. Kh1 Nc6 12. Nf3 d5 13. Bd3 f5 14. b3 Bb4 15. Bd2 Rc8
16. a3 Bc5 17. Ng5 h6 18. Nh3 Qh4 19. Rf1 Nd8 20. Be1 Qe7 21. Qh5 Bd4 22. g4 Bxc3
23. Bxc3 Rxc3 24. a4 Nc7 25. g5 Be8 26. Qh4 h5 27. Rg1 g6 28. Be2 d4 29. Rg3 Qc5
30. Nf2 Rxg3 31. hxg3 Qxc2 32. Re1 Nd5 33. g4 Nxf4 34. gxh5 Nxe2 35. hxg6 Bxg6
36. Qh6 Nf4 37. Rf1 Qe2 38. Kg1 Qf3 39. Qh2 Ne2# 0-1

[Event "DRUZYNOWE MISTRZOSTWA POLSKI JUNIOROW - II LIGA"]
[Site "Szczyrk, CKiR Orle Gniazdo ul. Wrzosowa 28a"]
[Date "2014-07-26"]
[Round "3.131"]
[White "Wyrzykowska, Aleksandra"]
[Black "Jarocka, Liwia"]
[Result "0-1"]
[WhiteTitle "II"]
[BlackTitle "I"]
[WhiteElo "1080"]
[BlackElo "1325"]

1. e4 e5 2. Nf3 Nc6 3. d4 exd4 4. Bc4 Bc5 5. c3 Nf6 6. Bg5 h6 7. Bh4 Qe7 8. O-O
d6 9. cxd4 Bb6 10. Nc3 g5 11. Bg3 Bg4 12. Qd3 Bxf3 13. Qxf3 Nxd4 14. Qd3 O-O-O
15. Rfe1 Nc6 16. Qe2 Ne5 17. Bb3 Kb8 18. Rad1 h5 19. Kf1 Neg4 20. h3 h4 21. e5
hxg3 22. exf6 Qxe2+ 23. Rxe2 Nxf2 24. Rdd2 Rh6 25. Nd5 Ba5 26. Rc2 c6 27. Nc3
Rxf6 28. Kg1 Bb6 29. Na4 Nxh3+ 30. Kh1 Rf1# 0-1

[Event "DRUZYNOWE MISTRZOSTWA POLSKI JUNIOROW - II LIGA"]
[Site "Szczyrk, CKiR Orle Gniazdo ul. Wrzosowa 28a"]
[Date "2014-07-26"]
[Round "3.133"]
[White "Kosior, Jan"]
[Black "Madalinski, Jan"]
[Result "1-0"]
[WhiteTitle "II"]
[BlackTitle "II"]
[WhiteElo "1424"]
[BlackElo "1474"]

1. c4 e6 2. d4 d5 3. Nf3 Nf6 4. Nc3 c6 5. e3 Nbd7 6. Bd3 dxc4 7. Bxc4 Bb4 8. Bd2
O-O 9. O-O Qe7 10. Qc2 e5 11. dxe5 Nxe5 12. Nxe5 Qxe5 13. f4 Qh5 14. a3 Bc5 15.
Ne2 Ng4 16. Rf3 Qxh2+ 17. Kf1 Qh1+ 18. Ng1 Nh2+ 19. Kf2 Nxf3 20. Kxf3 Qh5+ 21.
Kf2 Qf5 22. Bd3 Qxf4+ 23. Nf3 Bb6 24. Bxh7+ Kh8 25. Rh1 Re8 26. Bg8+ Kxg8 27.
Qh7+ Kf8 28. Bb4+ c5 29. exf4 cxb4+ 30. Kg3 Be6 31. Qe4 1-0